| 000 | 00333nam a22001217a 4500 | ||
|---|---|---|---|
| 999 |
_c4727 _d4727 |
||
| 008 | 250312b ||||| |||| 00| 0 eng d | ||
| 020 | _a9780711269804 | ||
| 082 | _a960 CHA | ||
| 100 |
_aCHAKANETSA,KIM _eAUTHOR |
||
| 245 | _aAFRICANA | ||
| 260 |
_bWIDE EYED EDITIONS _c100 CUMMINGS CENTRE,SUITE 265D,BEVERLY,MA 01915 USA. |
||
| 942 | _2ddc | ||